00334nam a2200121Ia 4500008004100000041001200041082002600053100002700079245003200106260003400138300001100172650002900183231217s9999 xx 000 0 und d aEnglish a001.640403 MCD;2 R1 aMcDaniel, George Comp. 0aIBM dictionary of computing c1994bMcGraw-Hill,aNew York  axi+758 aIBM,dictionary,computing